Normal view
MARC view
- الاتحاد السوفيتي - تراجم
Entry Topical Term
001 - CONTROL NUMBER
- control field: 7578
003 - CONTROL NUMBER IDENTIFIER
- control field: JO-AjAnu
005 - DATE AND TIME OF LATEST TRANSACTION
- control field: 20230606071526.0
008 - FIXED-LENGTH DATA ELEMENTS
- fixed length control field: 230606|| aca||aabn | a|a d
040 ## - CATALOGING SOURCE
- Original cataloging agency: JO-AjAnu
- Transcribing agency: JO-AjAnu
150 ## - HEADING--TOPICAL TERM
- Topical term or geographic name entry element: الاتحاد السوفيتي - تراجم
670 ## - SOURCE DATA FOUND
- Source citation: Work cat.: (JO-AjAnu)3919: تأليف: سيليفا، لاريسافا ؛ ترجمة: احمد الخميسي, author 7577, نساء الكرملين